| 000 | 00951nam a2200277 i 4500 | ||
|---|---|---|---|
| 001 | bg | ||
| 100 | 1 | _aWALKENBACH, John | |
| 245 | 1 | 0 |
_aExcel 2003 PL : _bprogramowanie w VBA : vademeceum programisty / _cJohn Walkenbach ; [tł. Piotr Pilch (wstęp, rozdz. _n1014), Radosław Meryk (rozdz. _n15-30, dod. A-D]. |
| 246 |
_iTyt. oryg.: _aExcel 2003 power programming with VBA |
||
| 260 |
_aGliwice : _b"Helion", _ccop. 2004. |
||
| 300 |
_a871 s. ; _c25 cm + _eCD-ROM. |
||
| 500 | _aTyt. oryg.: "Excel 2003 power programming with VBA". | ||
| 504 | _aIndeks. | ||
| 650 | 9 | _aExcel | |
| 655 | _aPodręczniki | ||
| 700 | 1 |
_aPILCH, Piotr. _eTł. |
|
| 700 | 1 |
_aMERYK, Radosław. _eTł. |
|
| 020 | _a8373615040 | ||
| 040 | _cBPK | ||
| 041 | 1 |
_apol _heng |
|
| 080 | _a004.42(07) | ||
| 920 | _a83-7361-504-0 | ||
| 942 | _cKS | ||
| 008 | s pl f |000 0 pol | ||
| 999 |
_c44818 _d44818 |
||
| 856 |
_uhttp://koha.tu.koszalin.pl/cgi-bin/koha/opac-detail.pl?biblionumber=44818 _yKatalog online BPK |
||